000 00687nam a2200181 i 4500
001 127003
003 ES-MaACL
005 20230906192926.0
007 t|
008 070214s1952 mr r ||||1| spa d
100 1 _aRibera, Julián (
_d1858-1934)
_996779
245 1 0 _aOpúsculos dispersos /
_cJulián Ribera Tarragó ; prólogo de Guillermo Guastavino Gallent.
260 _aTetuán :
_bInstituto General Franco de Estudios e Investigación Hispano-árabe,
_c1952.
300 _a67 p. ;
_c21 cm.
700 1 _aGuastavino Gallent, Guillermo.
_960369
710 2 _aInstituto General Franco de Estudios e Investigación Hispano-Árabe.
_9149197
852 _aES-MaACL
_j1993-F-5
_bR.38825
999 _c127003
_d127003